Dürrenmatt o svojich kolegoch Svojské odpovede švajčiarskeho dramatika

Bibliographic Details
Format: Article
Language:Slovak
Subjects:

MARC

LEADER 00000nab a2200000 a 4500
001 vtls000081276
003 SK-MaSNL
005 20260303172130.0
008 111103c1981 xo 0 slo
015 |a SNBRB19rr/mm-uuuuu 
035 |a CL0091377 
040 |a SNKBUCL  |b slo  |c SNKBUCL  |e AACR2 
041 0 |a slo 
044 |a xo  |c SK 
080 |a 82:929:830 (494)  |2 1981 
080 |a 830 (494)  |2 1981 
080 |a 929 Dürrenmatt, Friedrich  |2 1981 
245 0 0 |a Dürrenmatt o svojich kolegoch  |b Svojské odpovede švajčiarskeho dramatika  |c (-th-) 
500 |a Prevzaté z časopisu Új Tükör 7/1981 
600 1 7 |a Dürrenmatt, Friedrich,  |d 1921-1990  |2 snkbucl  |9 98652 
655 7 |a články z novín a časopisov  |2 snkbucl  |9 267496 
655 7 |a články z odboru literárna veda a krásna literatúra  |2 snkbucl  |9 770045 
773 0 |t Ľud  |g Roč. 34, č. 60 (12. 3. 1981), s. 11 
850 |a Slovenská národná knižnica v Martine  |a MTA001 
852 |a SNK  |b KIS3GCP 
958 |a RK 
958 |a LX 
992 |a RBX 
999 |c 2085073  |d 2087003